Enfants de stars - Statistiques

Statistiques générales
  • Ce quiz a été pris 99 fois
  • Le résultat moyen est 12 sur 16
Statistiques - réponses
Enfant Parents % Correct
Shiloh Jolie Angelina Jolie
97%
Lily Rose Depp Johnny Depp
96%
Brooklyn Beckham David Beckham
93%
Vanessa Paradis
93%
Brad Pitt
91%
North West Kim Kardashian
84%
Victoria Beckham
83%
Deva Cassel Vincent Cassel
83%
Kanye West
82%
Blue Ivy Carter Beyoncé
72%
Jay-Z
68%
Prince William
68%
Prince George Kate Middleton
59%
Stormi Webster Kylie Jenner
53%
Monica Bellucci
53%
Travis Scott
42%
Aucun quiz correspondant
Distribution des résultats
% des personnes avec chaque résultat
Percentile par nombre de réponses
Votre historique - résultats
Vous n’avez pas pris ce quiz